00532nam a2200193 a 450000100060000000300090000600800410001502000150005604000280007108200150009910000290011424500460014326000410018930000100023049000260024065000250026665000220029165000250031310591CO-ViMGA141112s2004 ck r 000 u spa d a8420610712 aCO-ViMGAbspacCO-ViMGA04a172.1 W31p1 aWeber , Max Ryamond Aron10aEl Politico y el cientifico : bMax Weber aMadrid : bAlianza Editorial, c1967 a231p. aEl libro del Bolsillo14aética - Política14aHOMBRES DE ESTADO14aTACTICAS PolíticaS